| 000 | 00630 a2200181 4500 | ||
|---|---|---|---|
| 020 | _c595.00 | ||
| 035 | _aB-79265 | ||
| 037 | _bRP-L-25 / UBH-03-04:SPL CH / RP-03-04:ENG | ||
| 082 | 1 | 4 | _a332.6322 |
| 090 |
_c3360 _d3360 |
||
| 100 | 1 | _aBasu, Debashis | |
| 245 | 1 |
_aFace value _bcreation and destruction of shareholder value in India _cby Debashis Basu |
|
| 260 |
_aMumbai _bKen Source Informatins Service _c(200?) |
||
| 300 |
_axii, 366 p _bill _c21.5 cm (HB) |
||
| 500 | _athis is non dated edition | ||
| 942 |
_adpl _cEN _k332.6322 / BAS |
||
| 999 |
_c3293 _d3293 |
||